Mystery Country #11 - Statistics

General Stats
  • This quiz has been taken 122 times
  • The average score is 14 of 17
Answer Stats
Answers Clues % Correct
Utah 2. In which US State can you find Bryce Canyon?
100%
Göteborg 4. What is the 2nd biggest city of Sweden, population wise?
95%
Dutch, English or Papiamento 3. Name one of the official languages on the island of Curaçao
93%
Philippines 6. What country was named after a Spanish King?
91%
In the Mystery Country you should drive on the right side of the road
91%
Iberia 5. What is the peninsula that consists Spain and Portugal called?
90%
1. What is the capital of Belize? The Mystery Country is not in Africa
90%
The Mystery Country has a population of ca. 5 million people
87%
The Mystery Country is not in South America
86%
Croatia 7. In what country can you find Krka National Park?
85%
The Mystery Country is not landlocked
77%
South Africa 8. In what country can you find the city of Durban?
74%
The Mystery Country has red, white and blue in its flag
70%
Answer to Q1 is Belmopan Norway
69%
The Mystery Country is:
68%
The Mystery Country is famous for its 'fjords'
68%
In the Mystery Country they speak a Germanic language
58%
No matching quizzes found
Score Distribution
Percent of People with Each Score
Percentile by Number Answered
Your Score History
You have not taken this quiz